LEADER 01223nas 2200373 4500 001 990000386550203316 035 $a0038655 035 $aUSA010038655 035 $a(ALEPH)000038655USA01 035 $a0038655 100 $a20010402b18161816km-a0ITAy0103----ba 101 $aita 102 $aIT 200 1 $aCollezione delle leggi e de'decreti reali del Regno di Napoli 207 1$a1816 210 $aNapoli$cnella Stamperia Reale$d1816 215 $a1 v.$d18 cm 430 0$10010037458$12001$aBullettino delle leggi del Regno di Napoli 440 0$10010038656$12001$aCollezione delle leggi e dei decreti del Regno delle Due Sicilie 676 $a328 710 01$aNapoli $0374308 801 0$aIT$bsalbc$gISBD 912 $a990000386550203316 958 $aGIU$bF.V./IG XVII Q 2$c1816. 959 $aSE 969 $aANTICO 979 $aTAMI$b40$c20010402$lUSA01$h1642 979 $aTAMI$b40$c20010402$lUSA01$h1642 979 $aANGELA$b40$c20010403$lUSA01$h0950 979 $aANGELA$b40$c20010403$lUSA01$h1001 979 $c20020403$lUSA01$h1646 979 $aPATRY$b90$c20040406$lUSA01$h1627 996 $aCollezione delle leggi e de'decreti reali del Regno di Napoli$9875909 997 $aUNISA LEADER 00743nam0-22002891i-450- 001 990003334450403321 005 20001010 035 $a000333445 035 $aFED01000333445 035 $a(Aleph)000333445FED01 035 $a000333445 100 $a20001010d--------km-y0itay50------ba 101 0 $aita 105 $ay-------001yy 200 1 $aCOM SE COMENTA UN TEXTO LITERARIO 205 $a25? 210 $aMADRID$cCATEDRA$d1987 676 $a807 700 1$aLazard Carreter,$bFernand$0377242 801 0$aIT$bUNINA$gRICA$2UNIMARC 901 $aBK 912 $a990003334450403321 952 $a807 LAZ$bLINGUE 766$fDECLI 959 $aDECLI 996 $aCOM SE COMENTA UN TEXTO LITERARIO$9448628 997 $aUNINA DB $aING01